OXPORD TEXTBOOK OF MEDICINE : VAL.2 SECTION 10-15 (Record no. 803668)

MARC details
000 -LEADER
fixed length control field 00423pam a2200157 a 4500
020 ## - INTERNATIONAL STANDARD BOOK NUMBER
International Standard Book Number 97801988534305
Terms of availability
041 ## - LANGUAGE CODE
Language code of text/sound track or separate title eng
082 ## - DEWEY DECIMAL CLASSIFICATION NUMBER
Classification number 616
Item number FIR
100 ## - MAIN ENTRY--PERSONAL NAME
Personal name FIRTH J.D., CONLOL C.P. , COX T.M. .
245 ## - TITLE STATEMENT
Title OXPORD TEXTBOOK OF MEDICINE : VAL.2 SECTION 10-15
Medium Textual Documents
250 ## - EDITION STATEMENT
Edition statement 6.
260 ## - PUBLICATION, DISTRIBUTION, ETC.
Name of publisher, distributor, etc. OXFORD UNIVERSITY PRESS
Date of publication, distribution, etc. 2020
300 ## - PHYSICAL DESCRIPTION
Extent 3237:
Other physical details XLIX+
Accompanying material HB.
650 ## - SUBJECT ADDED ENTRY--TOPICAL TERM
Topical term or geographic name entry element GEN.MEDICINE
930 ## - EQUIVALENCE OR CROSS-REFERENCE-UNIFORM TITLE HEADING [LOCAL, CANADA]
Uniform title 9141
Holdings
Withdrawn status Lost status Damaged status Not for loan Collection Home library Current library Date acquired Source of acquisition Cost, normal purchase price Total Checkouts Full call number Barcode Date last seen Copy number Price effective from Koha item type
          Medical College & Hospital, Sangli Medical College & Hospital, Sangli 25/01/2022 B.M.S.G.B.PUNE 9875.00   616 FIR MCS-15351 26/07/2023 2 26/07/2023 Book
          Medical College & Hospital, Sangli Medical College & Hospital, Sangli 25/01/2022 B.M.S.G.B.PUNE 9875.00   616 FIR MCS-15350 26/07/2023 1 26/07/2023 Book